| 000 | 00428cam a2200157 i 4500 | ||
|---|---|---|---|
| 040 | _cDLC | ||
| 082 | 0 | 0 | _a338 SIN 1979 A077 Or. |
| 245 | 0 | 0 | _aReadings in Asian farm management / |
| 260 |
_aSingapore : _bSingapore University Press, _c1979. |
||
| 300 |
_ax, 350 p. ; _c26 cm. |
||
| 500 | _aOn spine: Asian farm management. | ||
| 650 | 0 | _aFarm management | |
| 700 | 1 | _aTan, Bock Thiam. | |
| 700 | 1 | _aOng, Shao-er. | |
| 942 | _cEK | ||
| 999 |
_c15550 _d15550 |
||